Tilastot visalle Sanat - "Kaksi puuta" - Juha Tapio

Klikkaa tästä pelataksesi tätä visaa!

Yleistilastot

  • Tätä visaa on pelattu 289 kertaa
  • Keskiarvotulos 144 / 196

Vastaustilastot

Vastaus% Oikein
Kaksi
100%
kaksi
100%
puuta
99%
vanhaa
98%
97%
ja
93%
Ja
93%
se
93%
seisoo
92%
erillään
91%
sateen
91%
katsoo
89%
kevääseen
88%
pieksämää
86%
on
85%
kai
83%
sään
82%
juuriaan
81%
ne
81%
yhteen
80%
aikaa
78%
me
78%
alla
77%
kaiken
77%
maan
77%
punoneet
76%
jossain
75%
nuo
75%
kuin
74%
joka
73%
kestää
73%
nää
72%
niin
72%
tuulen
72%
ollaan
71%
sitä
71%
vaikket
71%
sanot
66%
mut
65%
ikkunan
63%
luo
63%
viet
62%
Minä
60%
kun
58%
lasta
58%
nuorta
57%
kulkemaan
56%
sun
55%
aamu
54%
jotka
54%
näitä
54%
rakastan
54%
samaa
54%
tietä
54%
iltojani
53%
lähti
53%
ylvästä
53%
aikoinaan
52%
kanssas
52%
huominen
51%
helppo
50%
Oomme
50%
oomme
50%
silmiämme
50%
taas
50%
unohtaa
50%
hetken
49%
nauramme
49%
varmoina
49%
voimistaan
49%
mehän
48%
puolivahingossa
48%
pyyhimme
47%
odottaa
46%
ovat
45%
päässä
43%
vuodet
43%
kantta
40%
kasvaneet
40%
ohuemmaks
40%
selvinneet
40%
taivaan
40%
talvet
40%
ihme
39%
kohti
39%
raapineet
39%
tänne
39%
vasta
39%
hiukan
38%
viimoillaan
37%
matkan
35%
muuttuneet
35%
myötä
35%
Kuinka
34%
kuorta
34%
Ehkä
32%
onkaan
32%

Tulosjakauma

Persentiili vastausten määrän mukaan

Jokaisen tuloksen saaneiden osuus

Tuloshistoriasi

Et ole pelannut tätä visaa